00867nam a2200217 a 4500003000200000005001700002008004100019050003000060100002500090245008000115260009300195300004000288504004200328650003200370650002400402650003700426650002600463942001400489999001700503952012900520020250225093856.0111115s19uu xx 00 eng d aPGS LB 1065b.P771 2011  aPollard, Kimberly D. aExtra-curriculum involvement and student motivation /cKimberly D. Pollard. aLas Piñas City, Philippines : bSouthville International School and Colleges, c2011. a22 pages :billustrations ;c28 cm. aIncludes bibliographical references.  aExtracurricular activities. aStudent motivation. aMotivationvEducational aspects. aStudents, elementary. 2lcccPASS c98698d98698 00102lcc40aLUXbLUXcPASSd2011-11-15eDONATIONl0oPGS LB 1065 .P771 2011pP2799r2014-04-08 00:00:00w2014-04-08yPASS